A Text Book of Water power engineering, (Record no. 554172)
[ view plain ]
| 000 -LEADER | |
|---|---|
| fixed length control field | 00465nam a2200133 4500 |
| 082 ## - DEWEY DECIMAL CLASSIFICATION NUMBER | |
| Classification number | 628.1 |
| Author Mark | SHA |
| 100 1# - MAIN ENTRY--PERSONAL NAME | |
| Personal name | Sharma, R.K |
| 9 (RLIN) | 46861 |
| 245 10 - TITLE STATEMENT | |
| Title | A Text Book of Water power engineering, |
| Remainder of title | Including Dams engineering, Hydrology and Fluid Power Engineering |
| 260 ## - PUBLICATION, DISTRIBUTION, ETC. | |
| Place of publication, distribution, etc. | New Delhi, |
| Name of publisher, distributor, etc. | S Chand and Company,Pvt ltd., |
| Date of publication, distribution, etc. | 2016. |
| 300 ## - PHYSICAL DESCRIPTION | |
| Extent | x, 480 p. |
| Dimensions | 24 cm. |
| 526 ## - STUDY PROGRAM INFORMATION NOTE | |
| Program name | 0 |
| Interest level | 0 |
| Reading level | 0 |
| Title point value | 628_100000000000000_SHA |
| 526 ## - STUDY PROGRAM INFORMATION NOTE | |
| Program name | 0 |
| Interest level | 0 |
| Reading level | 0 |
| Title point value | 628_100000000000000_SHA |
| 942 ## - ADDED ENTRY ELEMENTS (KOHA) | |
| Source of classification or shelving scheme | |
| Koha item type | Book |
| Withdrawn status | Lost status | Source of classification or shelving scheme | Damaged status | Not for loan | Permanent Location | Current Location | Date acquired | Total Checkouts | Full call number | Barcode | Date last seen | Price effective from | Koha item type | Cost, normal purchase price |
|---|---|---|---|---|---|---|---|---|---|---|---|---|---|---|
| Military College of Engineering (MCE) | Military College of Engineering (MCE) | 12/18/2018 | 628.1 SHA | MCE-50720 | 12/18/2018 | 12/18/2018 | Book | |||||||
| Military College of Engineering (MCE) | Military College of Engineering (MCE) | 08/27/2019 | 628.1 SHA | MCE-51074 | 08/27/2019 | 08/27/2019 | Book | 978.60 |
